书目信息 |
| 题名: |
精细化学品剖析及常用技术原理
|
|
| 作者: | 贾长英 编著 | |
| 分册: | ||
| 出版信息: | 北京 中国石化出版社 2011 |
|
| 页数: | 245页 | |
| 开本: | 26cm | |
| 丛书名: | ||
| 单 册: | ||
| 中图分类: | TQ075 | |
| 科图分类: | ||
| 主题词: | 精细化工--化工产品--分析--高等教育--教材 | |
| 电子资源: | ||
| ISBN: | 978-7-5114-1134-1 | |
| 000 | 00975nam0 2200253 450 | |
| 001 | 012001002301 | |
| 005 | 20131110140610.0 | |
| 010 | @a978-7-5114-1134-1@dCNY35.00 | |
| 100 | @a20111115d2011 em y0chiy0110 ea | |
| 101 | 0 | @achi |
| 102 | @aCN@b110000 | |
| 105 | @ay z 000yy | |
| 106 | @ar | |
| 200 | 1 | @a精细化学品剖析及常用技术原理@Ajing xi hua xue pin pou xi ji chang yong ji shu yuan li@f贾长英等编著 |
| 210 | @a北京@c中国石化出版社@d2011 | |
| 215 | @a245页@d26cm | |
| 300 | @a普通高等教育“十二五”规划教材 | |
| 304 | @a编著者还有:唐丽华、张晓娟、陈红 | |
| 330 | @a本书以剖析过程为主线,以典型精细化学品的剖析为实例,按照剖析工作的一般程序,介绍剖析过程中常用且易于实现的经典方法和现代分离、分析技术,同时对分离方法的最新进展、性能检测的最新标准也作了相应介绍。 | |
| 606 | 0 | @a精细化工@x化工产品@x分析@x高等教育@j教材 |
| 690 | @aTQ075@v4 | |
| 701 | 0 | @a贾长英@Ajia chang ying@4编著 |
| 801 | 0 | @aCN@b北京卓展@c20191020 |
| 905 | @b1205185-8@dTQ075@e531@f4 | |
| 精细化学品剖析及常用技术原理/贾长英等编著.-北京:中国石化出版社,2011 |
| 245页;26cm |
| 普通高等教育“十二五”规划教材 |
| ISBN 978-7-5114-1134-1:CNY35.00 |
| 本书以剖析过程为主线,以典型精细化学品的剖析为实例,按照剖析工作的一般程序,介绍剖析过程中常用且易于实现的经典方法和现代分离、分析技术,同时对分离方法的最新进展、性能检测的最新标准也作了相应介绍。 |
| ● |
| 相关链接 |
|
|
|
|
正题名:精细化学品剖析及常用技术原理
索取号:TQ075/531
 
预约/预借
| 序号 | 登录号 | 条形码 | 馆藏地/架位号 | 状态 | 备注 |
| 1 | 1205185 | 212051857 | 第二样本阅览室/ [索取号:TQ075/531] | 在馆 | |
| 2 | 1205186 | 212051866 | 第三借阅区/ [索取号:TQ075/531] | 在馆 | |
| 3 | 1205187 | 212051875 | 第三借阅区/ [索取号:TQ075/531] | 在馆 | |
| 4 | 1205188 | 212051884 | 第三借阅区/ [索取号:TQ075/531] | 在馆 |